Politics of computer-aided planning (Record no. 11949)

MARC details
000 -LEADER
fixed length control field 00999cab a2200193 4500
001 - CONTROL NUMBER
control field ABS39651
008 - FIXED-LENGTH DATA ELEMENTS--GENERAL INFORMATION
fixed length control field 090401t1987 xxu||||| |||| 00| 0 eng d
035 ## - SYSTEM CONTROL NUMBER
System control number (Sirsi) u18018
041 ## - LANGUAGE CODE
Language code of text/sound track or separate title eng
100 ## - MAIN ENTRY--PERSONAL NAME
Personal name Klosterman, R.E.
245 ## - TITLE STATEMENT
Title Politics of computer-aided planning
260 ## - PUBLICATION, DISTRIBUTION, ETC.
Date of publication, distribution, etc. 1987
350 ## - PRICE (NR) (BK AM CF MU VM SE) [OBSOLETE]
Price 0
490 ## - SERIES STATEMENT
Series statement Town Planning Review
Volume/sequential designation 58(4) October 1987, 441-451(11)
520 ## - SUMMARY, ETC.
Summary, etc. Recent advances in microcomputer technology have revived dreams that computers will revolutionise planning practice. Drawing on experience of previous attempts to incorporate computers in planning , this paper suggests that planners must recognise that computer models, analyses and information are inherently political and develop explicitly political processes of adversary modelling. It then suggests four guidelines which should guide current efforts to introduce computer technology into planning. (Journal abstract)
690 ## - LOCAL SUBJECT ADDED ENTRY--TOPICAL TERM (OCLC, RLIN)
Topical term or geographic name as entry element PLANNING LAW AND PRACTICE
942 ## - ADDED ENTRY ELEMENTS (KOHA)
Suppress in OPAC 0
948 ## - LOCAL PROCESSING INFORMATION (OCLC); SERIES PART DESIGNATOR (RLIN)
c (OCLC) 04/03/1997
Holdings
Withdrawn status Lost status Source of classification or shelving scheme Damaged status Not for loan Home library Current library Shelving location Date acquired Total Checkouts Full call number Barcode Date last seen Copy number Price effective from Koha item type
    Dewey Decimal Classification     London London Journal article 14/09/1999   ABS39651 18018-1001 06/08/2019 1 06/08/2019 Journal article